| 000 | 00653nam a2200205 a 4500 | ||
|---|---|---|---|
| 001 | BRCA_1341 | ||
| 005 | 20190320203401.0 | ||
| 008 | 910730s1989 mx-a---##b---#000-0#spa-# | ||
| 040 |
_aDLC _cDLC |
||
| 050 | 4 |
_aNK8914 _b.A76 1989 |
|
| 100 | 1 |
_aArmella de Aspe, Virginia _92324 |
|
| 245 | 1 | 0 |
_aRebozos y sarapes de México _cVirginia Armella de Aspe, Teresa Castelló Yturbide. |
| 260 |
_aMéxico _bGutsa _c1989 |
||
| 300 |
_a198 p. _bil. a color _c29 cm. |
||
| 504 | _aBibliografía: p. 192-198 | ||
| 650 | 1 | 4 |
_aSarapes _zMéxico _94390 |
| 650 | 1 | 4 |
_aFabricación de textiles _zMéxico _94391 |
| 700 | 1 |
_aCastelló Yturbide, Teresa _92444 |
|
| 942 |
_2lcc _cB |
||
| 999 |
_c1204 _d1204 |
||